00542nam a2200181Ia 450000500170000000800410001702000100005804000190006804100120008708200160009910000270011524500670014226000470020930000230025650400500027965000210032985000100035020220923144048.0131103s9999 xx 000 0 und d cRs.25 aLoreto College aEnglish a954.02bNIJ aNijjaar,Bakhsish Singh aPanjab under the sultans (1000 - 1526)cBakhshish Singh Nijjar aDelhibSterling Publishers Pvt. Ltd.c1968 axiii,253 p.b maps aIncludes index and bibliographical references aMedieval History aLCLIB